Futura institucionalidad de la paz en Chile
Zapisane w:
| organizacja autorów: | , |
|---|---|
| Format: | Książka |
| Język: | hiszpański |
| Wydane: |
Santiago
CISEC
1977
|
| Hasła przedmiotowe: | |
| Etykiety: |
Dodaj etykietę
Nie ma etykietki, Dołącz pierwszą etykiete!
|
MARC
| LEADER | 00000nam a2200000 a 4500 | ||
|---|---|---|---|
| 001 | UCW7048 | ||
| 003 | CL-VaPUC | ||
| 008 | 920819e19770000CL |||||||||||||||||spa|d | ||
| 082 | 0 | 4 | |a 320.983 |b CIS |2 21 |
| 110 | 2 | |a CISEC |e author |9 312152 | |
| 710 | 2 | |a Centro de Investigaciones Socioeconómicas |e author |9 312153 | |
| 245 | 1 | 0 | |a Futura institucionalidad de la paz en Chile |
| 300 | |a 294 p | ||
| 942 | |c BK | ||
| 945 | |d 19920819 00:00:00 | ||
| 260 | |a Santiago |b CISEC |c 1977 | ||
| 650 | 7 | |a POLITICA Y GOBIERNO 1973- |2 CL-VaPUC |9 257265 | |
| 650 | 7 | |a POLITICA ECONOMICA 1973- |2 CL-VaPUC |9 312154 | |
| 651 | 7 | |a CHILE |2 CL-VaPUC |9 312155 | |
| 583 | |a last modification |c 19920819 00:00:00 |k Rodrigo Vera | ||
| 999 | |c 219932 |d 219930 | ||
| 952 | |0 0 |1 0 |4 0 |6 320_983000000000000_CIS_1977 |7 0 |8 P |9 211487 |a BIBEDU |b BIBEDU |c BIBEDU_PB |d 2019-11-15 |i 2796856 |o 320.983 CIS 1977 |p 2796856 |r 2024-01-25 |w 2019-11-15 |y BK |k EDU | ||
| 952 | |0 0 |1 0 |4 0 |6 320_983000000000000_CIS_1977 |7 0 |8 A |9 211488 |a BIBHIS |b BIBHIS |d 2019-11-15 |i 4408594 |o 320.983 CIS 1977 |p 4408594 |r 2025-01-20 |w 2019-11-15 |y BK |k HIS | ||